| 000 | 01817cas a2200505 i 4500 | ||
|---|---|---|---|
| 001 | 196127 | ||
| 003 | ES-MaACL | ||
| 005 | 20251203133423.0 | ||
| 007 | ta | ||
| 008 | 240813c20109999sp qr p 0 b0spa | ||
| 010 |
_ac _b1 |
||
| 015 | _aREV1012 | ||
| 017 |
_aM 10545-2010 _bOficina Depósito Legal Madrid _zM 37069-1972 |
||
| 022 | 0 |
_a2171-5017 _2_u |
|
| 035 | _a(OCoLC)733127327 | ||
| 035 | _a(SpMaBN)a4698537 | ||
| 035 | _a991020791049708606 | ||
| 037 | _bMelquiades Biencinto, 34, 28053; tf. 91-4340910, fax 91-4340911; c.e.: avesynaturaleza@seo.org, p. web: www.seo.org | ||
| 040 |
_aSpMaBN _bspa _cSpMaBN _erdc _dES-MaACL |
||
| 080 | _a598.2 | ||
| 080 | _a598.2:061.22(460.27 M.) | ||
| 210 | 0 | _aAves nat. | |
| 222 | 0 | _aAves y naturaleza | |
| 245 | 0 | 0 |
_aAves y naturaleza : _brevista de SEO/Birdlife |
| 260 |
_aMadrid _bSEO/Birdlife _cD.L. 2010- |
||
| 300 |
_av. ; _c29 cm |
||
| 310 | _aTrimestral | ||
| 336 |
_aTexto (visual) _2rdacontent |
||
| 337 |
_asin mediación _2rdamedia |
||
| 338 |
_2rdacarrier _avolumen |
||
| 362 | 0 | _aN. 1 (invierno 2010)- | |
| 588 | _aDescripción basada en: n. 28 (2018) | ||
| 594 | _aTítulo tomado de la cubierta | ||
| 610 | 2 | 4 |
_aSociedad Española de Ornitología _2embne _96744 |
| 650 | 7 |
_aOrnitología _9136637 |
|
| 655 | 7 |
_9226866 _aRevistas |
|
| 710 | 2 |
_aSociedad Española de Ornitología _0(isni)0000000111671609 _96744 |
|
| 852 |
_aES-MaACL _cHEM _jHEM-1817 _hDonación: María José Perles _zRevista viva _zCasillero actual _9203953 |
||
| 856 | 4 |
_uhttps://dialnet.unirioja.es/servlet/revista?codigo=13868 _ySumarios de la revista en Dialnet |
|
| 866 | _o(2018)-2024-2025- | ||
| 903 |
_9233771 _aPerles Navarro, María _ednr |
||
| 942 |
_2udc _n0 _cPERIODICA |
||
| 955 | _bVerónica Torres Díaz | ||
| 999 |
_c196127 _d196127 |
||